00400 a2200097 450000100060000008200180000610000140002424502210003826000280025930000150028712569 a621.38152 KRO aKroll, N. aMegaflow - Numerical Flow Simulation for Aircraft Design: Result of the second phase of the German CFD initiative MEGAFLOW,presented during its closing symposium at DLR ,Braunschweig ,Germany ,december10 and 11 ,2002 aGermanybSpringerc2005 aix, 313 p.